The information society : A study of continuity and change

Gardado en:
Detalles Bibliográficos
Autor Principal: Feather, John
Formato: Libro
Idioma:Undetermined
Publicado: London Facet
Những chủ đề:
Các nhãn: Engadir etiqueta
Sen Etiquetas, Sexa o primeiro en etiquetar este rexistro!
Thư viện lưu trữ: Trung tâm Học liệu Trường Đại học Cần Thơ
LEADER 00553nam a2200181Ia 4500
001 CTU_99586
008 210402s9999 xx 000 0 und d
082 |a 303.4833 
082 |b F288 
100 |a Feather, John 
245 4 |a The information society : 
245 2 |b A study of continuity and change 
245 0 |c John Feather 
260 |a London 
260 |b Facet 
650 |a Information society 
904 |i Minh, Mai chuyển số PL từ 020 thành 303.4833 chưa in nhãn 
980 |a Trung tâm Học liệu Trường Đại học Cần Thơ